Cómputo de votos y declaratorias de elección 2006. Provinia de Puntarenas:alcadías, síndicos(as), concejales de distrito, intendentes y concejales municipales de distrito /

Збережено в:
Бібліографічні деталі
Співавтор: Costa Rica. Tribunal Supremo de Elecciones
Формат: Текст
Предмети:
Теги: Додати тег
Немає тегів, Будьте першим, хто поставить тег для цього запису!

MARC

LEADER 00000 a a2200000 04500
001 42828
003
040
110 |a Costa Rica. Tribunal Supremo de Elecciones  
245 |a Cómputo de votos y declaratorias de elección 2006.  |b Provinia de Puntarenas:alcadías, síndicos(as), concejales de distrito, intendentes y concejales municipales de distrito /  |c Tribunal Supremo de Elecciones de Costa Rica 
650 |a ELECCIONES  
650 |a SISTEMAS ELECTORALES  
650 |a VOTACION  
650 |a GOBIERNO LOCAL  
650 |a PUNTARENAS  
773 |g volumen 6, número1 (2006)  
999 |c 23662  |d 23662